[Event "IIFL WEALTH VI Under-13 2021"]
[Site "Mumbai"]
[Date "2022.01.01"]
[Round "3.1"]
[White "Kajrolkar Dakshil"]
[Black "Kadam Om Manish"]
[Result "0-1"]
[WhiteElo "1357"]
[BlackElo "2114"]
[Annotator "TA"]
[PlyCount "48"]
[EventDate "2021.12.30"]
[EventType "swiss"]
[EventCountry "IND"]
[SourceTitle "playchess.com"]
[Source "ChessBase"]
[SourceQuality "1"]

{[%evp 18,48,4,10,34,32,48,34,43,0,43,36,60,-58,-49,-44,-47,-96,-94,-91,-90,-95,-88,-94,-83,-79,-90,-117,-103,-233,-225,-285,-288]} 1. d4 Nf6 2. c4 g6 3. Nf3 Bg7 4. g3 d5 5. Bg2 O-O 6. O-O c6 7. cxd5 cxd5 8. Ne5 Nc6 9. Nxc6 bxc6 10. Nc3 Rb8 {D73: Fianchetto Grünfeld: 5 Nf3 .} 11. b3 Bf5 {[#]} 12. Bf4 $146 ({Predecessor:} 12. Ba3 Re8 13. Rc1 Rc8 14. Na4 e5 15. dxe5 Ng4 16. Qd2 Nxe5 17. Bc5 Qc7 18. Bd4 Qe7 19. Rfe1 Rc7 20. Qc3 Bh6 21. f4 Ng4 22. e4 {1-0 (22) Hautot,S (2368)-Den Hartog,M (2125) Wachtebeke 2018}) 12... Rc8 {White is slightly better.} 13. Qd2 (13. Rc1 $14) 13... c5 (13... Ne4 $1 $11 14. Nxe4 dxe4) 14. Be5 $1 $14 Be6 15. dxc5 (15. Rfd1 $14) 15... Ne4 $1 $15 {[%mdl 64] Discovered Attack} 16. Bxe4 {Hoping for Bxg7.} Bxe5 17. Bf3 (17. Bd3 $15) 17... Qa5 $1 $17 ({Reject} 17... Rxc5 $6 18. Na4 Rb5 19. Rac1 $11) 18. Rac1 Rxc5 19. Nb1 {[#] aiming for b4.} Qxd2 {Black is more active.} 20. Nxd2 Rfc8 $36 {[%cal Bf8c8,Bc8c5,Bc5c2][%mdl 2080] Black is really pushing.} 21. Rxc5 Rxc5 22. Rd1 Rc2 23. a4 {[#]} (23. Nf1 $17) 23... Bc3 $1 $19 24. Nb1 Bb4 {Weighted Error Value: White=0.36/Black=0.08 (flawless)} 0-1

[Event "IIFL WEALTH VI Under-13 2021"]
[Site "Mumbai"]
[Date "2022.01.01"]
[Round "3.2"]
[White "Bagwe Gaurang"]
[Black "Ram Vishal Parab"]
[Result "1-0"]
[WhiteElo "1850"]
[BlackElo "1350"]
[Annotator "NA RC"]
[PlyCount "132"]
[EventDate "2021.12.30"]
[EventType "swiss"]
[EventCountry "IND"]
[SourceTitle "playchess.com"]
[Source "ChessBase"]
[SourceQuality "1"]
[TimeControl "5400+30"]

{[%evp 13,132,6,13,4,32767,32767,32767,7,-2,-9,0,3,14,32767,32767,32767,32767,-41,11,-14,-12,-69,-83,-87,-25,-32,20,19,0,0,14,-17,9,-46,-4,-21,-23,-46,-47,-66,0,32767,32767,0,62,68,64,32767,32767,32767,32767,36,54,0,0,0,16,0,131,141,155,131,177,157,210,101,167,94,172,166,216,167,116,143,149,100,132,121,97,124,108,118,213,195,197,103,112,89,105,85,95,100,99,79,80,32767,32767,32767,32767,32767,32767,32767,232,276,335,316,346,352,330,326,406,445,454,290,253,311,288,325,302,304,323]} 1. e4 {[%emt 0:00:06]} e5 {[%emt 0:00:07]} 2. Nf3 {[%emt 0:00:05]} Nc6 {[%emt 0:00:08]} 3. Bb5 {[%emt 0:00:08]} a6 {[%emt 0:00:06]} 4. Ba4 {[%emt 0:00:05]} Nf6 {[%emt 0:00:09]} 5. d3 {[%emt 0:00:04]} b5 {[%emt 0:00:10]} 6. Bb3 {[%emt 0:00:06]} Be7 {[%emt 0:00:07]} 7. c3 {[%emt 0:00:15]} d6 {[%emt 0:00:10]} 8. Nbd2 {[%emt 0:00:04]} O-O {[%emt 0:00:16]} 9. Nf1 {[%emt 0:00:04]} Na5 {[%emt 0:00:13]} 10. Bc2 {[%emt 0:00:13]} c5 {[%emt 0:00:11]} 11. Ng3 {[%emt 0:00:05]} Nc6 {[%emt 0:00:12]} 12. O-O {[%emt 0:00:53]} Re8 {[%emt 0:00:22]} 13. h3 {[%emt 0:00:22]} h6 {[%emt 0:00:39]} 14. Nh2 {[%emt 0:00:08]} d5 {[%emt 0:03:17]} 15. Qf3 {[%emt 0:11:02]} (15. exd5 $11 Qxd5 16. Bb3) 15... Bf8 {[%emt 0:04:41]} (15... d4 $1 $15 {might be stronger.}) 16. a4 {[%emt 0:05:10]} b4 {[%emt 0:02:18]} 17. Rd1 {[%emt 0:02:42]} (17. Bb3 $142) 17... Rb8 {[%emt 0:04:16]} 18. exd5 {[%emt 0:07:12]} Qxd5 {[%emt 0:00:31]} (18... Nxd5 $17 19. Bd2 (19. Bb3 Be6 $17) 19... b3) 19. Ne4 {[%emt 0:00:42]} Nxe4 {[%emt 0:04:39]} (19... Nd7 $142) 20. dxe4 {[%emt 0:00:05]} Qe6 {[%emt 0:00:11]} 21. Ng4 {[%emt 0:03:15]} Qg6 {[%emt 0:02:16]} 22. Ne3 {[%emt 0:01:47]} Be6 {[%emt 0:07:53]} 23. Bd3 {[%emt 0:02:19]} (23. a5 $11) 23... Red8 {[%emt 0:04:36]} (23... Na5 $15) 24. Bxa6 {[%emt 0:04:25]} Rxd1+ {[%emt 0:00:07]} 25. Nxd1 {[%emt 0:00:07]} Na5 {[%emt 0:00:52]} 26. Bb5 {[%emt 0:02:28]} Nb3 {[%emt 0:02:39]} (26... Rd8 $1 $15 27. Ne3 c4) 27. Rb1 {[%emt 0:00:12]} f5 {[%emt 0:01:58]} 28. Ne3 $1 {[%emt 0:11:56]} fxe4 {[%emt 0:00:20]} ({Black should try} 28... f4 $11 29. Nc4 Bd5 30. Nxe5 Qxe4 31. Qxe4 Bxe4 32. Bc4+ Kh7 33. Bxb3 Bxb1) 29. Qd1 {[%emt 0:00:12]} Kh8 {[%emt 0:05:40]} 30. Bc4 {[%emt 0:09:50]} Na5 {[%emt 0:05:05]} 31. Bxe6 {[%emt 0:00:39]} Qxe6 {[%emt 0:00:10]} 32. cxb4 {[%emt 0:03:19]} cxb4 {[%emt 0:01:22]} 33. Bd2 {[%emt 0:03:49]} ({White should play} 33. Nf1 $14) 33... Nb3 {[%emt 0:01:49]} 34. Be1 {[%emt 0:02:05]} Bc5 {[%emt 0:01:50]} 35. Qc2 {[%emt 0:01:25]} Rc8 {[%emt 0:00:25]} (35... Bd4 $1 $11) 36. Qxe4 {[%emt 0:01:11]} Nd4 {[%emt 0:06:01]} 37. Ng4 {[%emt 0:03:18]} Qc4 {[%emt 0:03:01]} (37... Bd6 $16 38. b3 (38. f4 Qc4 $11) 38... Rc2) 38. Kh2 {[%emt 0:03:38]} ({Weaker is} 38. Qxe5 Qc2 39. Ra1 Nb3 40. Nxh6 (40. Ra2 $2 Qg6 $19) 40... Rf8 $11) 38... Bd6 {[%emt 0:03:39]} (38... Qc2 $16 {was called for.} 39. Qxc2 Nxc2 40. Nxe5 Nxe1) 39. b3 {[%emt 0:04:31]} (39. Nxe5 $18 Qc2 40. Qxd4 Bxe5+ 41. Qxe5 Qxb1 42. Bxb4) 39... Qe6 {[%emt 0:01:53]} (39... Qc2 $16 {was worth a try.} 40. Qxc2 Rxc2) 40. Kh1 {[%emt 0:00:32]} (40. a5 $18) 40... Nxb3 {[%emt 0:02:17]} (40... Rc2 $1 $14) 41. Bxb4 {[%emt 0:02:48]} Rc4 {[%emt 0:00:16]} (41... Nc5 $142 42. Bxc5 Rxc5) 42. Qa8+ {[%emt 0:00:25]} Rc8 {[%emt 0:00:05]} 43. Qa6 {[%emt 0:01:38]} Qf5 {[%emt 0:05:00]} 44. Rxb3 {[%emt 0:01:05]} Rc1+ {[%emt 0:00:06]} 45. Kh2 {[%emt 0:00:30]} Qf4+ {[%emt 0:00:05]} 46. Rg3 {[%emt 0:03:19]} Qxb4 {[%emt 0:01:23]} 47. Qa8+ {[%emt 0:01:29]} Qb8 {[%emt 0:00:18] [#]} (47... Bb8 $16) 48. Qe4 $1 {[%emt 0:00:45]} ({Don't take} 48. Qxb8+ $6 Bxb8 49. Rb3 Bc7 $16) 48... Qb1 {[%emt 0:03:16] [#]} 49. Re3 {[%emt 0:02:03]} (49. Rd3 $1 $18 Rh1+ 50. Kg3) 49... Qxe4 {[%emt 0:01:19]} 50. Rxe4 {[%emt 0:00:00]} Ra1 {[%emt 0:00:08]} 51. Ne3 {[%emt 0:00:21]} (51. h4 $142) 51... Kg8 {[%emt 0:01:10]} 52. Kg3 {[%emt 0:00:19]} Kf7 {[%emt 0:00:10]} 53. h4 {[%emt 0:00:37]} (53. Nc4 {[%emt 0:02:23]}) 53... g6 {[%emt 0:01:31]} 54. Nc4 {[%emt 0:02:02]} Bc7 {[%emt 0:01:04]} 55. h5 {[%emt 0:00:44]} g5 {[%emt 0:00:34]} 56. Ne3 {[%emt 0:00:25]} Ke6 {[%emt 0:00:55]} 57. Rc4 {[%emt 0:00:04]} Bd6 {[%emt 0:01:29]} 58. Kf3 {[%emt 0:00:05]} Ra2 {[%emt 0:01:34]} 59. g4 {[%emt 0:00:27]} Bf8 {[%emt 0:06:52]} 60. Rc6+ {[%emt 0:00:15]} Kd7 {[%emt 0:00:16]} 61. Rf6 {[%emt 0:00:15]} e4+ {[%emt 0:00:48]} 62. Kxe4 {[%emt 0:01:02]} Rxa4+ {[%emt 0:01:24]} 63. Kf3 {[%emt 0:00:20]} Ke8 {[%emt 0:01:37]} 64. Nf5 {[%emt 0:00:23]} Ra3+ {[%emt 0:01:26]} 65. Kg2 {[%emt 0:00:10]} Ra4 {[%emt 0:01:08]} 66. Kg3 {[%emt 0:00:47]} ({Weaker is} 66. Nxh6 Bxh6 67. Rxh6 Rxg4+ 68. Kh3 Rh4+ 69. Kg2 Kf7 $11) 66... Ra3+ $18 {[%emt 0:01:50]} 1-0

[Event "IIFL WEALTH VI Under-13 2021"]
[Site "Mumbai"]
[Date "2022.01.01"]
[Round "3.3"]
[White "Daksh Goyal"]
[Black "Jaiveer Mahendru"]
[Result "0-1"]
[WhiteElo "1352"]
[BlackElo "1721"]
[Annotator "NA RC"]
[PlyCount "50"]
[EventDate "2021.12.30"]
[EventType "swiss"]
[EventCountry "IND"]
[SourceTitle "playchess.com"]
[Source "ChessBase"]
[SourceQuality "1"]
[TimeControl "5400+30"]

1. c4 {[%emt 0:00:06]} e6 {[%emt 0:00:04]} 2. d4 {[%emt 0:00:07]} d5 {[%emt 0:00:04]} 3. Nf3 {[%emt 0:00:05]} Nf6 {[%emt 0:00:04]} 4. Bg5 {[%emt 0:00:34]} Be7 {[%emt 0:00:09]} 5. e3 {[%emt 0:00:45]} b6 {[%emt 0:00:07]} 6. Nc3 {[%emt 0:08:43]} Bb7 {[%emt 0:00:47]} 7. Bxf6 Bxf6 8. cxd5 {[%emt 0:06:47]} exd5 {[%emt 0:00:42]} 9. Qc2 {[%emt 0:02:08]} O-O {[%emt 0:00:22]} 10. Bd3 {[%emt 0:04:25]} g6 {[%emt 0:01:17]} 11. h4 {[%emt 0:03:46]} Nc6 {[%emt 0:01:00]} 12. a3 {[%emt 0:03:48]} Ne7 {[%emt 0:00:50]} 13. O-O-O {[%emt 0:07:25]} c5 {[%emt 0:01:59]} 14. Qe2 {[%emt 0:06:02]} cxd4 {[%emt 0:04:11]} 15. exd4 {[%emt 0:07:44]} Re8 {[%emt 0:20:42]} 16. h5 {[%emt 0:07:11]} Nf5 {[%emt 0:04:45]} 17. Qd2 {[%emt 0:03:15]} Nxd4 {[%emt 0:20:19]} 18. Nxd4 {[%emt 0:08:02]} Bxd4 {[%emt 0:00:05]} 19. hxg6 {[%emt 0:03:17]} hxg6 {[%emt 0:00:15]} 20. Bb5 {[%emt 0:07:46]} Bg7 {[%emt 0:17:07]} 21. Bxe8 {[%emt 0:00:45]} Qxe8 {[%emt 0:00:48]} 22. Nxd5 {[%emt 0:09:40]} Rc8+ {[%emt 0:02:42]} 23. Kb1 {[%emt 0:01:00]} Qe4+ {[%emt 0:01:53]} 24. Ka1 {[%emt 0:02:01]} Bxd5 {[%emt 0:07:07]} 25. Qxd5 {[%emt 0:01:06]} Rc1+ {[%emt 0:00:24]} 0-1

[Event "IIFL WEALTH VI Under-13 2021"]
[Site "Mumbai"]
[Date "2022.01.01"]
[Round "3.4"]
[White "Raghu Ram Reddy Seelam"]
[Black "Jagesia Daksh"]
[Result "1-0"]
[WhiteElo "1712"]
[BlackElo "1328"]
[Annotator "NA RC"]
[PlyCount "85"]
[EventDate "2021.12.30"]
[EventType "swiss"]
[EventCountry "IND"]
[SourceTitle "playchess.com"]
[Source "ChessBase"]
[SourceQuality "1"]
[TimeControl "5400+30"]

1. e4 {[%emt 0:00:05]} e5 {[%emt 0:00:06]} 2. Nf3 {[%emt 0:00:11]} Nc6 {[%emt 0:00:07]} 3. Bc4 {[%emt 0:00:05]} Bc5 {[%emt 0:00:23]} 4. c3 {[%emt 0:00:03]} d6 {[%emt 0:00:25]} 5. d4 {[%emt 0:00:51]} exd4 {[%emt 0:00:11]} 6. cxd4 {[%emt 0:00:07]} Bb6 {[%emt 0:00:26]} 7. Nc3 {[%emt 0:00:41]} Nf6 {[%emt 0:00:25]} 8. h3 {[%emt 0:01:31]} h6 {[%emt 0:00:34]} 9. O-O {[%emt 0:02:35]} O-O {[%emt 0:00:41]} 10. Bb3 {[%emt 0:01:00]} Ba5 {[%emt 0:01:38]} 11. Re1 {[%emt 0:06:19]} Re8 {[%emt 0:04:20]} 12. Bc2 {[%emt 0:00:34]} a6 {[%emt 0:04:12]} 13. a3 {[%emt 0:10:41]} Bxc3 {[%emt 0:02:09]} 14. bxc3 {[%emt 0:00:02]} Ne7 {[%emt 0:03:13]} 15. Bf4 {[%emt 0:01:14]} Ng6 {[%emt 0:00:29]} 16. Bh2 {[%emt 0:00:19]} b6 {[%emt 0:02:29]} 17. e5 {[%emt 0:12:32]} dxe5 {[%emt 0:13:46]} 18. Nxe5 {[%emt 0:05:18]} Nf8 {[%emt 0:03:31]} 19. Qf3 {[%emt 0:10:15]} Be6 {[%emt 0:08:29]} 20. Rad1 {[%emt 0:01:35]} Bd5 {[%emt 0:10:42]} 21. Qg3 {[%emt 0:02:44]} b5 {[%emt 0:04:18]} 22. c4 {[%emt 0:03:23]} Bxc4 {[%emt 0:03:17]} 23. Nxc4 {[%emt 0:01:34]} Rxe1+ {[%emt 0:00:28]} 24. Rxe1 {[%emt 0:00:07]} bxc4 {[%emt 0:00:03]} 25. Qc3 {[%emt 0:03:21]} Ne6 {[%emt 0:04:31]} 26. Be5 {[%emt 0:01:22]} c5 {[%emt 0:01:08]} 27. dxc5 {[%emt 0:00:58]} Nxc5 {[%emt 0:00:02]} 28. Qxc4 Ne6 {[%emt 0:01:00]} 29. Rd1 {[%emt 0:10:09]} Qe7 {[%emt 0:03:25]} 30. Bxf6 {[%emt 0:06:36]} Qxf6 {[%emt 0:00:23]} 31. Qc6 {[%emt 0:04:17]} Rb8 {[%emt 0:03:00]} 32. Qxa6 {[%emt 0:00:20]} g6 {[%emt 0:01:11]} 33. Qc4 {[%emt 0:02:00]} Kg7 {[%emt 0:06:49]} 34. a4 Rb7 {[%emt 0:01:59]} 35. Be4 {[%emt 0:04:24]} Rb2 {[%emt 0:00:16]} 36. Rf1 Nf4 {[%emt 0:00:56]} 37. Kh2 {[%emt 0:04:56]} Nh5 {[%emt 0:00:32]} 38. Bf3 {[%emt 0:00:23]} Qe5+ {[%emt 0:00:59]} 39. Kg1 {[%emt 0:00:16]} Nf4 {[%emt 0:00:47]} 40. a5 {[%emt 0:00:07]} Ne6 {[%emt 0:01:44]} 41. a6 {[%emt 0:01:01]} Nd4 {[%emt 0:00:59]} 42. a7 {[%emt 0:00:47]} Nxf3+ {[%emt 0:00:57]} 43. gxf3 1-0

[Event "IIFL WEALTH VI Under-13 2021"]
[Site "Mumbai"]
[Date "2022.01.01"]
[Round "3.5"]
[White "Vivaan Vishal Shah"]
[Black "Bharadia Yash"]
[Result "0-1"]
[WhiteElo "1327"]
[BlackElo "1675"]
[Annotator "NA RC"]
[PlyCount "90"]
[EventDate "2021.12.30"]
[EventType "swiss"]
[EventCountry "IND"]
[SourceTitle "playchess.com"]
[Source "ChessBase"]
[SourceQuality "1"]
[TimeControl "5400+30"]

1. e4 c5 {[%emt 0:00:01]} 2. Nf3 {[%emt 0:00:15]} d6 {[%emt 0:00:04]} 3. d4 {[%emt 0:00:05]} cxd4 4. Nxd4 {[%emt 0:00:04]} Nf6 {[%emt 0:00:18]} 5. Nc3 {[%emt 0:00:09]} a6 {[%emt 0:00:19]} 6. Bg5 {[%emt 0:00:11]} e6 {[%emt 0:00:18]} 7. f4 {[%emt 0:00:07]} h6 {[%emt 0:00:08]} 8. Bh4 {[%emt 0:00:06]} Qb6 {[%emt 0:00:32]} 9. Nb3 {[%emt 0:01:04]} Qe3+ {[%emt 0:04:40]} 10. Qe2 {[%emt 0:00:39]} Qxf4 {[%emt 0:01:23]} 11. Bg3 {[%emt 0:00:41]} Qg5 {[%emt 0:00:57]} 12. Nd4 {[%emt 0:05:05]} Nh5 {[%emt 0:10:53]} 13. Bf2 {[%emt 0:02:32]} Nf4 {[%emt 0:04:06]} 14. Qf3 {[%emt 0:01:36]} Ng6 {[%emt 0:01:14]} 15. Be3 {[%emt 0:02:05]} Qa5 {[%emt 0:00:48]} 16. Nb3 {[%emt 0:01:57]} Qc7 {[%emt 0:01:21]} 17. O-O-O {[%emt 0:00:22]} Ne5 {[%emt 0:01:00]} 18. Qg3 {[%emt 0:00:45]} b5 {[%emt 0:05:23]} 19. a3 {[%emt 0:09:05]} Nbd7 {[%emt 0:01:41]} 20. Be2 {[%emt 0:01:31]} Bb7 {[%emt 0:01:24]} 21. Kb1 {[%emt 0:02:01]} Rc8 {[%emt 0:01:05]} 22. Ka2 {[%emt 0:03:22]} Bc6 {[%emt 0:00:53]} 23. Bd2 {[%emt 0:05:04]} Rb8 {[%emt 0:01:00]} 24. Nd4 {[%emt 0:02:05]} b4 {[%emt 0:00:30]} 25. axb4 {[%emt 0:03:12]} Rxb4 {[%emt 0:05:10]} 26. Nb3 {[%emt 0:00:30]} a5 {[%emt 0:00:55]} 27. Kb1 {[%emt 0:02:29]} a4 {[%emt 0:06:17]} 28. Nc1 {[%emt 0:01:58]} Qb7 {[%emt 0:02:26]} 29. b3 {[%emt 0:01:16]} Nc5 {[%emt 0:00:56]} 30. Nxa4 {[%emt 0:01:14]} Nxe4 {[%emt 0:01:31]} 31. Qe3 Rxa4 {[%emt 0:00:17]} 32. Be1 {[%emt 0:00:46]} d5 {[%emt 0:00:32]} 33. Nd3 {[%emt 0:00:10]} Nc4 {[%emt 0:00:28]} 34. Qc1 {[%emt 0:00:05]} Na3+ {[%emt 0:01:01]} 35. Kb2 {[%emt 0:00:09]} Nb5 {[%emt 0:01:01]} 36. bxa4 {[%emt 0:00:13]} Ba3+ {[%emt 0:00:30]} 37. Ka1 {[%emt 0:00:30]} Bxc1 {[%emt 0:00:05]} 38. Rxc1 {[%emt 0:00:00]} Qa7 {[%emt 0:00:25]} 39. a5 {[%emt 0:00:00]} Qd4+ {[%emt 0:00:19]} 40. c3 {[%emt 0:00:00]} Qa4+ {[%emt 0:00:43]} 41. Kb2 {[%emt 0:00:01]} Qa3+ {[%emt 0:00:24]} 42. Kc2 {[%emt 0:00:07]} Qa2+ {[%emt 0:00:18]} 43. Kd1 {[%emt 0:00:07]} Nd4 {[%emt 0:00:25]} 44. cxd4 {[%emt 0:00:05]} Ba4+ {[%emt 0:00:09]} 45. Rc2 {[%emt 0:00:06]} Qxc2# {[%emt 0:00:30]} 0-1

[Event "IIFL WEALTH VI Under-13 2021"]
[Site "Mumbai"]
[Date "2022.01.02"]
[Round "4.1"]
[White "Kadam Om Manish"]
[Black "Sharnarthi Viresh"]
[Result "1-0"]
[WhiteElo "2114"]
[BlackElo "1456"]
[Annotator "TA"]
[PlyCount "97"]
[EventDate "2021.12.30"]
[EventType "swiss"]
[EventCountry "IND"]
[SourceTitle "playchess.com"]
[Source "ChessBase"]
[SourceQuality "1"]

{[%evp 22,96,16,8,14,18,17,16,23,12,19,-4,16,5,54,35,27,17,17,17,17,14,14,18,12,0,10,15,25,17,16,14,20,0,2022,2019,1734,1684,1684,1391,2664,2012,29964,29963,29966,29967,29969,29970,29970,29971,29971,29969,29971,29972,29974,29975,29979,29980,29980,29981,29983,29984,29984,29984,29986,29987,29989,29990,29991,29992,29992,29993,29997,29998,29998,29999,29999]} 1. e4 c5 2. Nf3 d6 3. d4 cxd4 4. Nxd4 Nf6 5. Nc3 a6 6. g3 e6 7. Bg2 Be7 8. a4 Qc7 9. Be3 Nc6 10. O-O O-O 11. Nxc6 bxc6 12. a5 Nd7 {B80: Sicilian Scheveningen: 6 g3 and 6 Be3, including English Attack.} 13. Na4 Bb7 14. Nb6 Rad8 {The position is equal.} 15. Nxd7 Rxd7 {[#]} 16. Qg4 $146 ({Predecessor:} 16. Bb6 Qc8 17. Qg4 {½-½ (17) Zagrapan,P (2139)-Dujava,D (1889) Slovakia 2012}) 16... Bf6 17. c3 d5 (17... c5 $11) 18. Rfd1 c5 19. exd5 (19. Rac1 {feels hotter.} dxe4 20. Rxd7 Qxd7 21. Bxc5 Rc8 22. b4) 19... Bxd5 20. Bxd5 Rxd5 21. Qc4 {[%csl LRa6,LRd5]} Rxd1+ $1 22. Rxd1 Qxa5 23. Bxc5 Rb8 24. Ba3 h6 25. Rd7 Qb5 26. Qc7 Be5 27. c4 {[%cal Bc3c4,Bc4c5][%mdl 32]} Qxb2 $2 {[%mdl 8192] [#] Black is on the road to losing.} 28. Qd8+ $1 $18 {[%mdl 576] Zwischenzug} Rxd8 (28... Kh7 29. Bxb2) 29. Rxd8+ Kh7 30. Bxb2 Bxb2 {[%mdl 4096] Endgame KR-KB} 31. c5 a5 32. c6 {White mates.} Be5 33. Rd7 a4 34. c7 Bxc7 35. Rxc7 {KR-KP} Kg6 36. Ra7 a3 37. Rxa3 Kf6 38. Kg2 Kg6 39. f4 Kf6 40. g4 {[%cal Bg3g4,Bg4g5][%mdl 32]} Kg6 41. h4 {[%cal Bh2h4,Bh4h5][%mdl 32]} Kf6 42. h5 Ke7 43. g5 f6 44. Ra7+ Kf8 45. g6 f5 46. Rf7+ Kg8 47. Re7 {[%cal Re7e8]} Kf8 48. Rxe6 Kg8 49. Re8# {Weighted Error Value: White=0.04 (flawless) /Black=0.29 (precise)} 1-0

[Event "IIFL WEALTH VI Under-13 2021"]
[Site "Mumbai"]
[Date "2022.01.02"]
[Round "4.2"]
[White "Vedant Mistry"]
[Black "Bagwe Gaurang"]
[Result "0-1"]
[WhiteElo "1394"]
[BlackElo "1850"]
[Annotator "NA RC"]
[PlyCount "78"]
[EventDate "2021.12.30"]
[EventType "swiss"]
[EventCountry "IND"]
[SourceTitle "playchess.com"]
[Source "ChessBase"]
[SourceQuality "1"]
[TimeControl "5400+30"]

1. d4 {[%emt 0:00:02]} d5 {[%emt 0:00:11]} 2. Bf4 {[%emt 0:00:08]} c6 {[%emt 0:00:05]} 3. e3 {[%emt 0:00:06]} Bf5 {[%emt 0:00:07]} 4. c4 {[%emt 0:00:05]} e6 {[%emt 0:00:10]} 5. Nc3 {[%emt 0:00:02]} Nd7 {[%emt 0:00:11]} 6. Qb3 {[%emt 0:00:09]} Qb6 {[%emt 0:00:04]} 7. c5 {[%emt 0:00:05]} Qxb3 {[%emt 0:00:06]} 8. axb3 {[%emt 0:00:05]} a6 {[%emt 0:00:04]} 9. b4 {[%emt 0:00:07]} Rc8 {[%emt 0:00:06]} 10. Nf3 {[%emt 0:00:25]} f6 {[%emt 0:01:11]} 11. Be2 {[%emt 0:01:00]} g5 {[%emt 0:00:03]} 12. Bg3 {[%emt 0:00:08]} h5 {[%emt 0:00:04]} 13. h4 {[%emt 0:01:28]} g4 {[%emt 0:00:11]} 14. Nd2 {[%emt 0:00:09]} Be7 {[%emt 0:00:18]} 15. Nb3 {[%emt 0:00:47]} Bd8 {[%emt 0:00:26]} 16. Kd2 {[%emt 0:07:15]} ({White should try} 16. f3 $16) 16... Bc7 {[%emt 0:02:36]} 17. Bxc7 {[%emt 0:03:24]} Rxc7 {[%emt 0:00:02]} 18. Rhe1 {[%emt 0:00:43]} (18. f3 $14) 18... Ne7 {[%emt 0:05:48]} 19. g3 {[%emt 0:03:52]} Be4 {[%emt 0:02:27]} 20. Bd3 {[%emt 0:02:20]} f5 {[%emt 0:00:05]} 21. Bxe4 {[%emt 0:01:24]} ({White should play} 21. Ne2 $11) 21... fxe4 {[%emt 0:00:23]} 22. Ne2 {[%emt 0:02:54]} e5 {[%emt 0:00:42]} 23. Kc3 {[%emt 0:04:44]} Rf8 {[%emt 0:02:34]} 24. Rf1 {[%emt 0:00:18]} Ng6 {[%emt 0:00:34]} 25. Nd2 {[%emt 0:05:52]} (25. Rac1 $15) 25... exd4+ {[%emt 0:02:30]} 26. exd4 {[%emt 0:00:33]} (26. Nxd4 $17 Ke7 27. Ne2) 26... Nb8 $19 {[%emt 0:00:44]} 27. Nc1 {[%emt 0:16:06]} Rcf7 {[%emt 0:01:09]} 28. Ncb3 {[%emt 0:00:10]} Kd8 {[%emt 0:02:08]} 29. Na5 {[%emt 0:02:26]} Kc8 {[%emt 0:00:10]} 30. Rae1 {[%emt 0:06:21]} Rxf2 {[%emt 0:00:11]} 31. Rxf2 {[%emt 0:00:02]} Rxf2 {[%emt 0:00:06]} 32. Rf1 {[%emt 0:00:04]} Rg2 {[%emt 0:00:31]} 33. Rf6 {[%emt 0:02:08]} Rxg3+ {[%emt 0:01:28]} 34. Kc2 {[%emt 0:00:15]} Nxh4 {[%emt 0:00:40]} 35. Rf8+ {[%emt 0:01:08]} Kc7 {[%emt 0:00:04]} 36. Rf7+ {[%emt 0:00:07]} Nd7 {[%emt 0:00:02]} 37. Rf1 {[%emt 0:02:55]} e3 38. Nb1 {[%emt 0:00:12]} e2 {[%emt 0:00:08]} 39. Re1 {[%emt 0:00:01]} Nf3 {[%emt 0:00:01]} 0-1

[Event "IIFL WEALTH VI Under-13 2021"]
[Site "Mumbai"]
[Date "2022.01.02"]
[Round "4.3"]
[White "Jaiveer Mahendru"]
[Black "Mitank Maru"]
[Result "1-0"]
[WhiteElo "1721"]
[BlackElo "1426"]
[Annotator "NA RC"]
[PlyCount "109"]
[EventDate "2021.12.30"]
[EventType "swiss"]
[EventCountry "IND"]
[SourceTitle "playchess.com"]
[Source "ChessBase"]
[SourceQuality "1"]
[TimeControl "5400+30"]

1. e4 {[%emt 0:00:03]} c6 {[%emt 0:00:08]} 2. Nf3 {[%emt 0:00:04]} d5 {[%emt 0:00:08]} 3. e5 {[%emt 0:00:02]} Bf5 {[%emt 0:00:25]} 4. d4 {[%emt 0:00:14]} e6 {[%emt 0:00:25]} 5. Bd3 {[%emt 0:00:30]} Ne7 {[%emt 0:03:04]} 6. Nc3 {[%emt 0:00:41]} Nd7 {[%emt 0:02:50]} 7. Ne2 {[%emt 0:00:24]} Bxd3 {[%emt 0:03:53]} 8. Qxd3 {[%emt 0:00:19]} Ng6 {[%emt 0:00:46]} 9. h4 {[%emt 0:00:52]} h5 {[%emt 0:02:35]} 10. Ng5 {[%emt 0:01:06]} Qe7 {[%emt 0:04:40]} 11. f4 {[%emt 0:00:52]} f5 {[%emt 0:08:35]} 12. exf6 {[%emt 0:01:06]} Qxf6 {[%emt 0:00:16]} 13. Nxe6 {[%emt 0:05:06]} Qxe6 {[%emt 0:03:46]} 14. f5 {[%emt 0:00:34]} Nge5 {[%emt 0:00:56]} 15. fxe6 {[%emt 0:04:07]} Nxd3+ {[%emt 0:00:40]} 16. cxd3 {[%emt 0:00:05]} Bb4+ {[%emt 0:00:19]} 17. Kd1 {[%emt 0:00:36]} Nf8 {[%emt 0:00:20]} 18. Nf4 {[%emt 0:00:47]} Rh6 {[%emt 0:03:56]} 19. a3 {[%emt 0:00:54]} Bd6 {[%emt 0:00:57]} 20. Re1 {[%emt 0:05:39]} Bxf4 {[%emt 0:01:51]} 21. Bxf4 {[%emt 0:00:08]} Rxe6 {[%emt 0:00:07]} 22. Kd2 {[%emt 0:00:20]} Kd7 {[%emt 0:02:05]} 23. Rxe6 {[%emt 0:05:03]} Nxe6 {[%emt 0:00:17]} 24. Be5 {[%emt 0:00:47]} Rf8 {[%emt 0:00:31]} 25. Ke3 {[%emt 0:00:11]} Rf5 {[%emt 0:00:40]} 26. Bh2 {[%emt 0:05:22]} g5 {[%emt 0:00:53]} 27. Rh1 {[%emt 0:08:50]} g4 {[%emt 0:05:17]} 28. Bg3 {[%emt 0:01:20]} Ng7 {[%emt 0:00:54]} 29. Be5 {[%emt 0:01:05]} Ne6 {[%emt 0:00:09]} 30. b4 {[%emt 0:01:30]} b6 {[%emt 0:04:28]} 31. Rb1 {[%emt 0:01:17]} Nf8 {[%emt 0:01:57]} 32. Bg3 {[%emt 0:03:04]} Ng6 {[%emt 0:02:19]} 33. b5 {[%emt 0:00:56]} Rf6 {[%emt 0:00:55]} 34. a4 {[%emt 0:00:37]} Ne7 {[%emt 0:01:29]} 35. Be5 {[%emt 0:03:19]} Rf8 {[%emt 0:05:35]} 36. Ke2 {[%emt 0:04:22]} Re8 {[%emt 0:02:29]} 37. Rf1 {[%emt 0:03:13]} c5 {[%emt 0:03:07]} 38. Kd2 {[%emt 0:08:19]} Ng6 {[%emt 0:04:58]} 39. Rf7+ {[%emt 0:03:19]} Re7 {[%emt 0:00:21]} 40. Rxe7+ {[%emt 0:00:15]} Nxe7 {[%emt 0:00:06]} 41. dxc5 {[%emt 0:00:05]} bxc5 {[%emt 0:00:17]} 42. Bb8 {[%emt 0:00:19]} Nc8 {[%emt 0:00:35]} 43. Ke3 {[%emt 0:00:55]} Ke6 {[%emt 0:01:33]} 44. a5 {[%emt 0:00:50]} Kf5 {[%emt 0:00:21]} 45. Bxa7 {[%emt 0:02:18]} d4+ {[%emt 0:01:55]} 46. Kf2 {[%emt 0:01:18]} Ke6 {[%emt 0:01:28]} 47. b6 {[%emt 0:00:51]} Nxb6 {[%emt 0:00:09]} 48. axb6 {[%emt 0:00:13]} Kd7 {[%emt 0:00:05]} 49. b7 {[%emt 0:00:05]} Kc6 {[%emt 0:00:03]} 50. b8=Q {[%emt 0:00:09]} c4 {[%emt 0:00:03]} 51. dxc4 {[%emt 0:00:24]} d3 {[%emt 0:00:05]} 52. Qd8 {[%emt 0:00:11]} Kb7 {[%emt 0:00:05]} 53. Qd7+ {[%emt 0:00:29]} Ka6 {[%emt 0:00:08]} 54. Bc5 {[%emt 0:00:07]} d2 {[%emt 0:00:07]} 55. Qa7# {[%emt 0:00:06]} 1-0